00567nam a2200169Ia 4500008004100000041001200041082001100053100001500064245006100079260003700140300000800177650000700185700001600192942000700208999001500215952016700230221030s9999 xx 000 0 und d aEnglish a105.23 aM. L. Soni 2aA course in Electrical Powercby M. L. Soni, P. V. Gupta bDhanpat Rai PubaNew Delhic1994 a812 aEE aP. V. Gupta cBK c6090d6090 pBE 9936g98.00l0o105.23 r2024-06-13 00:00:00w2022-10-30yBK003Print4070aMIETLIBbMIETLIBcBL-Academic Block A, FL-1, CUP-34, SH-4, R-4d2009-03-1010HBE